Statistiques concernant Villes du monde au détail #2

Cliquez ici pour prendre le quiz!

Statistiques générales

  • Ce quiz a été pris 145 fois
  • Le résultat moyen est 9 sur 15

Statistiques - réponses

Réponse% Correct
New York
95%
Paris
95%
Los Angeles
87%
Rio de Janeiro
83%
Washington
80%
Amsterdam
70%
Athènes
67%
La Mecque
62%
Kuala Lumpur
48%
Monaco
48%
Nantes
39%
Casablanca
27%
Florence
27%
Prague
23%
Delhi
5%

Distribution des résultats

Percentile par nombre de réponses

% des personnes avec chaque résultat

Votre développement - résultats

Vous n’avez pas pris ce quiz